| 000 | 01271cab a2200349 4500 | ||
|---|---|---|---|
| 001 | ABS59176 | ||
| 008 | 090401t1998 xxu||||| |||| 00| 0 eng d | ||
| 035 | _a(Sirsi) u88327 | ||
| 041 | _aeng | ||
| 100 | _aGarbett, C. | ||
| 245 | _aEstate and facilities management packages | ||
| 260 | _c1998 | ||
| 350 | _a0 | ||
| 490 |
_aProperty Systems Review _v(6) Summer 1998, 10-13(4) |
||
| 520 | _aDiscusses aspects of estate management and facilities management packages including; rent collection, service charges, estates database, property expenditure, maintenance, space planning and management reports. Includes a summary of the features of a number of estate and facilities management packages. | ||
| 650 | _aASSET REGISTERS | ||
| 650 | _aCOMPUTER SYSTEMS | ||
| 650 | _aDATABASES | ||
| 650 | _aDIARIES | ||
| 650 | _aESTATE MANAGEMENT | ||
| 650 |
_aFACILITIES MANAGEMENT _96240 |
||
| 650 | _aBUILT ENVIRONMENT-BUILDING MAINTENANCE AND REFURBISHMENT | ||
| 650 | _aMANAGEMENT REPORTS | ||
| 650 |
_aProperty management _96262 |
||
| 650 | _aRENT ACCOUNTING | ||
| 650 | _aSERVICE CHARGES | ||
| 650 | _aSPACE PLANNING | ||
| 650 | _aSUPPLIERS | ||
| 690 | _aMANAGEMENT-BUSINESS MANAGEMENT-INFORMATION MANAGEMENT | ||
| 942 | _n0 | ||
| 948 | _c07/09/1998 | ||
| 999 |
_c55788 _d55788 |
||